000
00266nam a22000977a 4500
008
240723b |||||||| |||| 00| 0 eng d
020
_a
9781838957735
100
_a
Perry Josephine Dr
_9
7782
245
_a
The Ten Pillars of Success
260
_a
London
_b
Allen & Unwin
_c
2022
999
_c
12607
_d
12607